NBA most career points regular season A-Z - Statistics

General Stats
  • This quiz has been taken 2,946 times
    1,087 since last reset
  • The average score is 11 of 24
Answer Stats
First letter last name Points Answer % Correct
J 42036 Lebron James
94%
A 38387 Kareem Abdul-Jabbar
91%
B 33643 Kobe Bryant
90%
D 30571 Kevin Durant
88%
H 27506 James Harden
74%
C 31419 Wilt Chamberlain
73%
M 36928 Karl Malone
72%
N 31560 Dirk Nowitzki
67%
O 28596 Shaquille O'Neal
59%
G 26071 Kevin Garnett
52%
I 24368 Allen Iverson
51%
L 22598 Damian Lillard
41%
P 26397 Paul Pierce
38%
R 26710 Oscar Robertson
37%
U 10624 Wes Unseld
32%
S 19711 John Stockton
28%
Y 14225 Thaddeus Young
25%
E 25613 Alex English
24%
W 26668 Dominique Wilkins
24%
V 16607 Nikola Vucevic
23%
Q 4503 Immanuel Quickley
22%
K 19655 Bernard King
17%
F 17955 World (Lloyd) Free
5%
T 19015 Reggie Theus
2%
No matching quizzes found
Score Distribution
Percent of People with Each Score
Percentile by Number Answered
Your Score History
You have not taken this quiz since the last reset